| 000 | 00516nam a22002051a 4500 | ||
|---|---|---|---|
| 001 | 1425 | ||
| 003 | OSt | ||
| 005 | 20260204211734.0 | ||
| 008 | 040119s1996||||dr ||||||b||||||||||spa|| | ||
| 050 | _aRD 346.07 T238p | ||
| 082 | _aRD 346.07 T238p | ||
| 100 | _aTellado, Antonio Hijo | ||
| 245 | _aPráctica de derecho comercial / Antonio Tellado Hijo | ||
| 250 | _a3 | ||
| 264 | _aSanto Domingo : Serralles | ||
| 300 | _a309 p. | ||
| 500 | _aIncluye indice | ||
| 650 | _a1.Derecho ComercialÌ | ||
| 942 |
_2ddc _cBK |
||
| 999 |
_c1425 _d1425 |
||